Zur Risikozeit des Selbstmordes bei Geschiedenen und Verwitweten: eine epidemiologische Studie

Saved in:  
Bibliographic Details
Authors: Bojanowsky, J. (Author) ; Bojanowsky, A. (Author)
Format: Print Article
Language:German
Published: 1976
In: Der Nervenarzt
Year: 1976, Volume: 47, Issue: 5, Pages: 307-309
Check availability: HBZ Gateway
Keywords:

MARC

LEADER 00000caa a22000002c 4500
001 1631668064
003 DE-627
005 20220607130516.0
007 tu
008 130416s1976 xx ||||| 00| ||ger c
035 |a (DE-627)1631668064 
035 |a (DE-576)381188698 
035 |a (DE-599)BSZ381188698 
040 |a DE-627  |b ger  |c DE-627  |e rakwb 
041 |a ger 
100 1 |a Bojanowsky, J.  |4 aut 
245 1 0 |a Zur Risikozeit des Selbstmordes bei Geschiedenen und Verwitweten  |b eine epidemiologische Studie  |c J. Bojanowsky; A. Bojanowsky 
264 1 |c 1976 
336 |a Text  |b txt  |2 rdacontent 
337 |a ohne Hilfsmittel zu benutzen  |b n  |2 rdamedia 
338 |a Band  |b nc  |2 rdacarrier 
700 1 |a Bojanowsky, A.  |4 aut 
773 0 8 |i In  |t Der Nervenarzt  |d Berlin : Springer Medizin Verlag GmbH, 1928  |g 47(1976), 5, Seite 307-309  |w (DE-627)129301876  |w (DE-600)123291-5  |w (DE-576)014495171  |x 0028-2804  |7 nnas 
773 1 8 |g volume:47  |g year:1976  |g number:5  |g pages:307-309 
951 |a AR 
ELC |b 1 
LOK |0 000 xxxxxcx a22 zn 4500 
LOK |0 001 3282767293 
LOK |0 003 DE-627 
LOK |0 004 1631668064 
LOK |0 005 20260220105631 
LOK |0 008 130416||||||||||||||||ger||||||| 
LOK |0 040   |a DE-21-110  |c DE-627  |d DE-21-110 
LOK |0 689   |a s  |a Selbstmord 
LOK |0 689   |a s  |a Geschiedene 
LOK |0 689   |a s  |a Verwitwete 
LOK |0 852   |z Kein Bestand am IfK; Nachweis für KrimDok 
LOK |0 852   |a DE-21-110 
LOK |0 852 1  |m v  |9 00 
LOK |0 935   |a k110 
LOK |0 938   |k v 
LOK |0 939   |a 16-04-13  |b l01 
ORI |a WA-MARC-krimdoka001.raw